000
00318nam a22001457a 4500
008
210511b ||||| |||| 00| 0 eng d
020
_a
9780060404376
041
_a
eng
080
_2
7th
_a
37
082
_a
37
100
_a
46
101
_a
EDU
245
_a
The Practical Stylist
_c
Sheridan Baker
942
_2
udc
_c
BK
999
_c
57139
_d
57139